Vocabulario y refranero criollo

Tallennettuna:
Bibliografiset tiedot
Päätekijä: Saubidet, Tito (Tekijä)
Aineistotyyppi: Kirja
Kieli:espanja
Julkaistu: Buenos Aires Guillermo Kraft Ltda. 1943
Painos:6a. ed
Aiheet:
Tagit: Lisää tagi
Ei tageja, Lisää ensimmäinen tagi!

MARC

LEADER 00000cam a2200000 a 4500
001 UCF1354
003 CL-VaPUC
008 120629e19430000AG |||||||||||||||||spa|d
082 0 4 |a 398.982  |b SAU  |2 21 
100 0 |a Saubidet, Tito  |e author  |9 562884 
245 1 0 |a Vocabulario y refranero criollo 
250 |a 6a. ed 
300 |a 421 p 
942 |c BK 
945 |d 20120629 00:00:00  |a dcastane 
260 |a Buenos Aires  |b Guillermo Kraft Ltda.  |c 1943 
650 7 |a REFRANES  |2 CL-VaPUC  |9 373405 
650 7 |a FOLKLORE  |2 CL-VaPUC  |9 268291 
650 7 |a CULTURAS POPULARES  |2 CL-VaPUC  |9 338177 
650 0 |a Costumbres y tradiciones   |9 268292 
650 0 |a Arte popular  |9 362163 
650 0 |a Diccionarios  |9 256200 
583 |a last modification  |c 20120629 12:35:00  |k Rodrigo Vera 
999 |c 348166  |d 348164 
952 |0 0  |1 0  |4 0  |6 398_982000000000000_SAU_1943  |7 0  |8 X  |9 450076  |a FDOMLP  |b FDOMLP  |d 2019-11-22  |i 4810910  |o 398.982 SAU 1943  |p 4810910  |r 2019-11-22  |w 2019-11-22  |y BK_X  |k BU2